| 000 | 00414nam a22001337a 4500 | ||
|---|---|---|---|
| 020 | _a978-0-415-83156-7 | ||
| 082 | _a361.765 | ||
| 100 | _aDefourny, Jacques | ||
| 245 |
_aSocial Enterprises and the Third Sector: _bChanging European Landscapes in A Comparative Perspective |
||
| 260 |
_aNew York: _bRoutledge, _c2014 |
||
| 300 | _axv, 279p.: ill.; 23cm | ||
| 700 | _aHulgard, Lars & Pestoff, Victor | ||
| 942 | _cBK | ||
| 999 |
_c22176 _d22176 |
||